State and rural society in Bangladesh : astudy in relationship (Record no. 427958)

000 -LEADER
fixed length control field 00417cam a22001217a 4500
008 - FIXED-LENGTH DATA ELEMENTS--GENERAL INFORMATION
fixed length control field 180718b1985 xxu||||| |||| 00| 0 eng d
082 ## - DEWEY DECIMAL CLASSIFICATION NUMBER
Classification number F5x5471/W524
100 ## - MAIN ENTRY--PERSONAL NAME
Personal name Westergaard, Kirsten
245 ## - TITLE STATEMENT
Title State and rural society in Bangladesh : astudy in relationship
Statement of responsibility, etc. by Kirsten Wsetergaard
260 ## - PUBLICATION, DISTRIBUTION, ETC.
Place of publication, distribution, etc. London
Name of publisher, distributor, etc. Curzon Press
Date of publication, distribution, etc. 1985
300 ## - PHYSICAL DESCRIPTION
Extent 190+p.
440 ## - SERIES STATEMENT/ADDED ENTRY--TITLE
Title Scandinavian Institute of Asian Studies Monograph Series
Holdings
Withdrawn status Lost status Damaged status Not for loan Permanent Location Current Location Date acquired Full call number Barcode Date last seen Price effective from Koha item type
        Indian Institute of Public Administration Indian Institute of Public Administration 2009-12-02 F5x5471/W524 61088 2018-07-21 2018-07-21 Book

Powered by Koha